Music Quiz

Random Music or Billboard Quiz

Top 100 Bands (1972) Quiz Stats

 Plays Quiz Updated Mar 2, 2018

Score 0/100 Timer 10:00
2 Plays Today
Song Artist % Correct
American PieDon McLean
90.3%
Vincent / Castles In The AirDon McLean
90.3%
Rocket ManElton John
90.1%
BenMichael Jackson
88.4%
Rockin' RobinMichael Jackson
88.4%
The Lion Sleeps TonightRobert John
83.8%
A Horse With No NameAmerica
81.1%
Heart of GoldNeil Young
76.9%
School's OutAlice Cooper
75.9%
Nights in White SatinThe Moody Blues
73.6%
Mother and Child ReunionPaul Simon
72.7%
AnticipationCarly Simon
71.5%
Where Is the LoveRoberta Flack & Donny Hathaway
71.4%
The First Time Ever I Saw Your Face Roberta Flack
71.4%
Song Sung BlueNeil Diamond
71.1%
Drowning in the Sea of LoveJoe Simon
69.7%
Power of LoveJoe Simon
69.7%
Saturday in the ParkChicago
67.4%
You Don't Mess Around With JimJim Croce
67.3%
My Ding-A-LingChuck Berry
66.8%
Candy ManSammy Davis Jr.
66.5%
Let's Stay TogetherAl Green
65.8%
Look What You Done for MeAl Green
65.8%
I'm Still in Love With YouAl Green
65.8%
Baby Don't Get Hooked on MeMac Davis
65.6%
Family AffairSly & The Family Stone
62.8%
Lean on MeBill Withers
62.6%
Use MeBill Withers
62.6%
LaylaDerek & The Dominos
62.6%
Puppy LoveDonny Osmond
61.6%
Morning Has BrokenCat Stevens
61.3%
Get on the Good Foot, Pt. 1James Brown
60.3%
Bang a Gong (Get It On)T. Rex
59.7%
Long Cool Woman (In a Black Dress)The Hollies
57.3%
Song Artist % Correct
Burning LoveElvis Presley
57.1%
Alone Again (Naturally)Gilbert O'Sullivan
53.6%
Garden PartyRick Nelson
51.9%
Black and WhiteThree Dog Night
51.7%
Never Been to SpainThree Dog Night
51.7%
Doctor My EyesJackson Browne
50.6%
RoundaboutYes
50.3%
Brand New KeyMelanie
48.8%
Without You Nilsson
44%
CoconutNilsson
44%
Brandy (You're a Fine Girl)Looking Glass
42.9%
Back StabbersThe O'Jays
42.1%
Hurting Each OtherThe Carpenters
41.5%
Sylvia's MotherDr. Hook & The Medicine Show
41.1%
I Can See Clearly NowJohnny Nash
40.6%
Everything I OwnBread
37.8%
The City of New OrleansArlo Guthrie
37.2%
Hold Your Head UpArgent
37%
Daddy Don't You Walk So Fast Wayne Newton
33.2%
Slippin' Into DarknessWar
32.2%
Oh GirlChi-Lites
31.8%
TaxiHarry Chapin
31.2%
Down by the Lazy RiverThe Osmonds
30.1%
Last Night I Didn't Get to Sleep at AllThe 5th Dimension
29.8%
A Cowboy's Work Is Never DoneSonny & Cher
27.3%
Betcha by Golly, WowThe Stylistics
27%
Day DreamingAretha Franklin
26.5%
Go All the WayRaspberries
25.7%
The Happiest Girl in the Whole U.S.A.Donna Fargo
25.6%
Day After DayBadfinger
25.4%
I'll Take You There The Staple Singers
25.2%
The Way of LoveCher
25.1%
Freddie's DeadCurtis Mayfield
24.1%
PopcornHot Butter
23.8%
Song Artist % Correct
Kiss an Angel Good MorningCharley Pride
23.1%
Precious and FewClimax
22.7%
I'd Like to Teach the World to SingThe New Seekers
22.2%
Outa-SpaceBilly Preston
22.1%
I Saw the LightTodd Rundgren
20.1%
Hot Rod LincolnCommander Cody & His Lost Planet Airmen
19.1%
I GotchaJoe Tex
18%
Day by DayGodspell
16.8%
Too Late to Turn Back NowCornelius Brothers and Sister Rose
16.6%
Everybody Plays the FoolMain Ingredient
16.4%
Pop That ThangThe Isley Brothers
13.9%
Nice to Be With YouGallery
13.8%
SunshineJonathan Edwards
13.5%
The Witch Queen of New OrleansRedbone
13.4%
Beautiful SundayDaniel Boone
12.4%
Sealed With a KissBobby Vinton
12%
How Do You DoMouth & MacNeal
11.2%
Speak to the SkyRick Springfield
11.1%
ScorpioDennis Coffey & The Detroit Guitar Band
9.9%
If Loving You Is Wrong I Don't Want to Be RightLuther Ingram
9.7%
Clean Up WomanBetty Wright
9.6%
JoyApollo 100
9.1%
I'd Like to Teach the World to SingThe Hillside Singers
8.9%
In the RainThe Dramatics
6%
TroglodyteJimmy Castor Bunch
5.9%
Motorcycle MamaSailcat
5.7%
Don't Say You Don't RememberBeverly Bremers
5.4%
Jungle FeverChakachas
5.4%
Starting All Over AgainMel & Tim
5.4%
Walking in the Rain With the One I LoveLove Unlimited
5.1%
Ain't Understanding MellowJerry Butler & Brenda Lee Eager
4.7%
Baby Let Me Take You (In My Arms)The Detroit Emeralds
3.5%

You're not logged in!

Compare scores with friends on all Sporcle quizzes.
OR
Log In

Show Comments

Extras

Top Quizzes Today


Score Distribution

Your Account Isn't Verified!

In order to create a playlist on Sporcle, you need to verify the email address you used during registration. Go to your Sporcle Settings to finish the process.

Report this User

Report this user for behavior that violates our Community Guidelines.

Details: